Giáo trình vi sinh vật học công nghiệp ( Dùng cho sinh viên các trường ĐH và CĐ, Trung học kỹ thuật và Dạy nghề )

Nội dung sách giới thiệu về virut, sinh lí học vi sinh vật, di truyền vi sinh vật, các nhóm vi sinh vật.

में बचाया:
ग्रंथसूची विवरण
मुख्य लेखक: Nguyễn, Xuân Thành
स्वरूप: पुस्तक
भाषा:Undetermined
प्रकाशित: Hà Nội Giáo dục 2007
विषय:
टैग : टैग जोड़ें
कोई टैग नहीं, इस रिकॉर्ड को टैग करने वाले पहले व्यक्ति बनें!
Thư viện lưu trữ: Trung tâm Học liệu Trường Đại học Cần Thơ
LEADER 00878nam a2200217Ia 4500
001 CTU_192365
008 210402s9999 xx 000 0 und d
020 |c 25000 
082 |a 660.62 
082 |b Th107 
100 |a Nguyễn, Xuân Thành 
245 0 |a Giáo trình vi sinh vật học công nghiệp 
245 0 |b ( Dùng cho sinh viên các trường ĐH và CĐ, Trung học kỹ thuật và Dạy nghề ) 
245 0 |c Nguyễn Xuân Thành 
260 |a Hà Nội 
260 |b Giáo dục 
260 |c 2007 
520 |a Nội dung sách giới thiệu về virut, sinh lí học vi sinh vật, di truyền vi sinh vật, các nhóm vi sinh vật. 
650 |a Industrial microbology,Vi sinh vật học công nghiệp 
904 |i Tuyến 
980 |a Trung tâm Học liệu Trường Đại học Cần Thơ